| 000 -LEADER |
| fixed length control field |
01696cam a2200349 a 4500 |
| 001 - CONTROL NUMBER |
| control field |
12702288 |
| 005 - DATE AND TIME OF LATEST TRANSACTION |
| control field |
20220720134559.0 |
| 008 - FIXED-LENGTH DATA ELEMENTS--GENERAL INFORMATION |
| fixed length control field |
020313s2003 enk b 001 0 eng |
| 010 ## - LIBRARY OF CONGRESS CONTROL NUMBER |
| LC control number |
2002023351 |
| 020 ## - INTERNATIONAL STANDARD BOOK NUMBER |
| International Standard Book Number |
0521818524 (hb) |
| 040 ## - CATALOGING SOURCE |
| Original cataloging agency |
DLC |
| Transcribing agency |
DLC |
| Modifying agency |
DLC |
| 042 ## - AUTHENTICATION CODE |
| Authentication code |
pcc |
| 050 00 - LIBRARY OF CONGRESS CALL NUMBER |
| Classification number |
KZ7070 |
| Item number |
.D64 2003 |
| 082 00 - DEWEY DECIMAL CLASSIFICATION NUMBER |
| Classification number |
341.69 |
| Author Mark |
DOR |
| 100 1# - MAIN ENTRY--PERSONAL NAME |
| Personal name |
Dörmann, Knut. |
| 9 (RLIN) |
94078 |
| 245 10 - TITLE STATEMENT |
| Title |
Elements of war crimes under the Rome Statute of the International Criminal Court : |
| Remainder of title |
sources and commentary / |
| Statement of responsibility, etc. |
Knut Dörmann ; with contributions by Louise Doswald-Beck and Robert Kolb. |
| 260 ## - PUBLICATION, DISTRIBUTION, ETC. |
| Place of publication, distribution, etc. |
Cambridge ; |
| -- |
New York : |
| Name of publisher, distributor, etc. |
Cambridge University Press, |
| Date of publication, distribution, etc. |
2008. |
| 300 ## - PHYSICAL DESCRIPTION |
| Extent |
lx, 524 p. ; |
| Dimensions |
24 cm. |
| 504 ## - BIBLIOGRAPHY, ETC. NOTE |
| Bibliography, etc. note |
Includes bibliographical references (p. 499-503) and index. |
| 630 00 - SUBJECT ADDED ENTRY--UNIFORM TITLE |
| Uniform title |
Rome Statute of the International Criminal Court |
| Date of treaty signing |
(1998 July 17) |
| 9 (RLIN) |
94079 |
| 650 #0 - SUBJECT ADDED ENTRY--TOPICAL TERM |
| Topical term or geographic name entry element |
War crimes. |
| 9 (RLIN) |
94080 |
| 650 #0 - SUBJECT ADDED ENTRY--TOPICAL TERM |
| Topical term or geographic name entry element |
International criminal courts. |
| 9 (RLIN) |
89730 |
| 700 1# - ADDED ENTRY--PERSONAL NAME |
| Personal name |
Doswald-Beck, Louise. |
| 9 (RLIN) |
94081 |
| 700 1# - ADDED ENTRY--PERSONAL NAME |
| Personal name |
Kolb, Robert. |
| 9 (RLIN) |
94082 |
| 856 41 - ELECTRONIC LOCATION AND ACCESS |
| Materials specified |
Sample text |
| Uniform Resource Identifier |
<a href="http://www.loc.gov/catdir/samples/cam033/2002023351.html">http://www.loc.gov/catdir/samples/cam033/2002023351.html</a> |
| 856 42 - ELECTRONIC LOCATION AND ACCESS |
| Materials specified |
Publisher description |
| Uniform Resource Identifier |
<a href="http://www.loc.gov/catdir/description/cam022/2002023351.html">http://www.loc.gov/catdir/description/cam022/2002023351.html</a> |
| 856 41 - ELECTRONIC LOCATION AND ACCESS |
| Materials specified |
Table of contents |
| Uniform Resource Identifier |
<a href="http://www.loc.gov/catdir/toc/cam021/2002023351.html">http://www.loc.gov/catdir/toc/cam021/2002023351.html</a> |
| 856 42 - ELECTRONIC LOCATION AND ACCESS |
| Materials specified |
Contributor biographical information |
| Uniform Resource Identifier |
<a href="http://www.loc.gov/catdir/enhancements/fy0731/2002023351-b.html">http://www.loc.gov/catdir/enhancements/fy0731/2002023351-b.html</a> |
| 906 ## - LOCAL DATA ELEMENT F, LDF (RLIN) |
| a |
7 |
| b |
cbc |
| c |
orignew |
| d |
1 |
| e |
ocip |
| f |
20 |
| g |
y-gencatlg |
| 942 ## - ADDED ENTRY ELEMENTS (KOHA) |
| Source of classification or shelving scheme |
|
| Koha item type |
Book |